Engineering Thermodynamics/ (Record no. 5667)

000 -LEADER
fixed length control field 00448nam a22001457a 4500
008 - FIXED-LENGTH DATA ELEMENTS--GENERAL INFORMATION
fixed length control field 150911b xxu||||| |||| 00| 0 eng d
020 ## - INTERNATIONAL STANDARD BOOK NUMBER
International Standard Book Number 8120313755
050 ## - LIBRARY OF CONGRESS CALL NUMBER
Classification number TJ 265 .J66 1996
100 ## - MAIN ENTRY--PERSONAL NAME
Personal name Jones, Dugan
Dates associated with a name 1996
245 ## - TITLE STATEMENT
Title Engineering Thermodynamics/
Statement of responsibility, etc. Dugan, Jones
260 ## - PUBLICATION, DISTRIBUTION, ETC. (IMPRINT)
Place of publication, distribution, etc. Nes Delhi:
Name of publisher, distributor, etc. Asoke,
Date of publication, distribution, etc. 1996.
300 ## - PHYSICAL DESCRIPTION
Extent xxiii,998p. :
Other physical details ill.;
Dimensions 23cm,.
650 ## - SUBJECT ADDED ENTRY--TOPICAL TERM
Topical term or geographic name as entry element Engineering
942 ## - ADDED ENTRY ELEMENTS (KOHA)
Source of classification or shelving scheme
Koha item type Hard Covered Materials
Classification part TJ 265 .J66 1996
Koha issues (borrowed), all copies 6
Holdings
Withdrawn status Lost status Source of classification or shelving scheme Damaged status Not for loan Home library Current library Shelving location Date acquired Source of acquisition Total Checkouts Full call number Barcode Date last seen Date last checked out Price effective from Koha item type
          MACHAKOS UNIVERSITY LIBRARY MACHAKOS UNIVERSITY LIBRARY Open shelf 11/09/2015 Donation (B.F.A) 12 TJ 265 .J66 1996 2106 28/03/2025 14/03/2025 11/09/2015 Hard Covered Materials
© Machakos University Library, Along The Highway, Machakos Wote Rd, Machakos, Kenya P.O. Box 136 - 90100 Machakos - Kenya

Tel: ( +254 ) 723 805829 OR Fax : 044-20353 OR Email: library@mksu.ac.ke